[Издания]. 12: Абхазский аналитический алфавит (Запись № 2734931)

Подробности
000 -МАРКЕР
контрольное поле 01618nam2a22002771 4500
001 - ИДЕНТИФИКАТОР ЗАПИСИ
контрольное поле RU\NLR\INFOCOMM15\1000117941
005 - ИДЕНТИФИКАТОР ВЕРСИИ
контрольное поле 20260406063625.0
035 ## - ДРУГИЕ СИСТЕМНЫЕ НОМЕРА
Идентификатор записи (NLR Aleph) 002517533
100 ## - ДАННЫЕ ОБЩЕЙ ОБРАБОТКИ
Данные общей обработки 20040414d1926 |||y0rusy50 ca
101 0# - ЯЗЫК РЕСУРСА
Язык текста, звукозаписи и т.д. русский
102 ## - СТРАНА ПУБЛИКАЦИИ ИЛИ ПРОИЗВОДСТВА
Страна публикации российская федерация
105 ## - ПОЛЕ КОДИРОВАННЫХ ДАННЫХ: ТЕКСТОВЫЕ МАТЕРИАЛЫ, МОНОГРАФИЧЕСКИЕ
Кодированные данные о монографическом текстовом документе y |||||||||
200 1# - ЗАГЛАВИЕ И СВЕДЕНИЯ ОБ ОТВЕТСТВЕННОСТИ
Основное заглавие Абхазский аналитический алфавит
Первые сведения об ответственности Н.Я. Марр
210 ## - ПУБЛИКАЦИЯ, РАСПРОСТРАНЕНИЕ И ДР.
Дата издания, распространения и т.д. 1926
Место издания, распространения и т.д. Б. м.
225 1# - СЕРИЯ
Основное заглавие серии ...
Обозначение тома 12
Наименование части ...
Обозначение тома 1
461 #0 - УРОВЕНЬ НАБОРА
Встроенное поле 001RU\NLR\INFOCOMM15\1000117885
-- 2001#$a[Издания]$fЦИК СССР. Ленингр. вост. ин-т$v12
Системный номер (АБИС) связанной записи 2734453
Автор Ленинградский восточный институт
Место публикации Л.
Дата публикации 1922-1937
Первые сведения об ответственности ЦИК СССР. Ленингр. вост. ин-т
Имя издателя, распространителя и т.д. Ленингр. вост. ин-т
Заглавие [Издания]
Номер тома 12
462 #0 - УРОВЕНЬ ПОДНАБОРА
Встроенное поле 001RU\NLR\INFOCOMM15\1000117940
-- 2001#$aТруды Яфетического семинария$fЦИК СССР. Ленингр. ин-т живых вост. языков им. А.С.Енукидзе$v1
Системный номер (АБИС) связанной записи 2734923
Автор Ленинградский восточный институт. Яфетический семинарий
Место публикации Л.
Дата публикации 1926-1928
Первые сведения об ответственности ЦИК СССР. Ленингр. ин-т живых вост. языков им. А.С.Енукидзе
Заглавие [Издания]. - Труды Яфетического семинария
Номер тома 1
700 #1 - ИМЯ ЛИЦА - ПЕРВИЧНАЯ ОТВЕТСТВЕННОСТЬ
Код отношения Автор
Материалы, к которым относится поле rus
Графика поля Кириллица
Начальный элемент ввода Марр
Часть имени, кроме начального элемента ввода Н.Я.
Даты 1865-1934
Расширение инициалов личного имени Николай Яковлевич
Идентификатор авторитетной/нормативной записи RU\NLR\AUTH\7723108
Системный номер авторитетной/нормативной записи 6162
801 #1 - ИСТОЧНИК ЗАПИСИ
Страна российская федерация
Организация InfoComm
Дата составления 20040414
801 #0 - ИСТОЧНИК ЗАПИСИ
Страна российская федерация
Организация NLR
Правила каталогизации PSBO
852 ## - МЕСТОНАХОЖДЕНИЕ И ШИФР ХРАНЕНИЯ
Идентификатор организации NLR
Шифр хранения (Call Number) 37.40.4.73
942 ## - ДОПОЛНИТЕЛЬНЫЕ ЭЛЕМЕНТЫ ЗАПИСИ (АБИС)
Тип экземпляра АБИС Выпуск
980 ## - КОЛЛЕКЦИЯ
Название коллекции Национальная библиография
980 ## - КОЛЛЕКЦИЯ
Название коллекции Русская периодика

Нет доступных экземпляров.